000 00580nam a2200229Ia 4500
005 20250425162054.0
008 250425s9999 xx 000 0 und d
020 _a9684196881
041 _aspa
082 _a423
100 _aCOLLINS SONS, WILLIAM
245 0 _aDICCIONARIO ESPAÑOL-INGLES
250 _a1A ED.
260 _aEstados Unidos
_bGRIJALBO
_c1987
260 _aS.L.
300 _a1027
500 _aEN CIBGZ-FIMCP D-30236 PARA ING. MECANICA.- MHP.
650 _aDICCIONARIOS
650 _aDICCIONARIOS ESPAÑOL-INGLES
942 _c01
010 _a47360
999 _c221781
_d221781